| 000 | 00322nam a22001337a 4500 | ||
|---|---|---|---|
| 020 | _a0-7214-1008-1 | ||
| 082 |
_a823 _bMCC/T |
||
| 100 | _aMCCULLAGH, SHEILA | ||
| 245 | _aTOBY SPELLDRAGON AND THE MAGICIAN | ||
| 260 |
_aUK _bLADYBIRD |
||
| 300 |
_a43 _eENGLISH SHORT STORY |
||
| 650 |
_aENGLISH SHORT STORY _zUK |
||
| 942 | _cBK | ||
| 999 |
_c4154 _d4154 |
||